Statistics for 古文 基本助動詞チェック

Click here to take the quiz!

General Stats

  • This quiz has been taken 10 times
  • The average score is 23 of 29

Answer Stats

接続主な意味助動詞% Correct
未然形使役・尊敬
100%
未然形使役・尊敬さす
100%
未然形使役・尊敬しむ
100%
未然形自発・可能・受身・尊敬らる
100%
未然形自発・可能・受身・尊敬
89%
連用形過去・詠嘆けり
89%
特殊比況・例示ごとし
89%
連体形・体言断定・存在なり
89%
終止形伝聞・推定なり
89%
終止形推量・意志・可能・当然・適当べし
89%
連用形完了・強意
89%
連用形完了・強意
89%
連用形過去
89%
未然形打消
89%
未然形推量・意志・適当・婉曲
89%
連用形存続・完了たり
78%
連用形過去推量けむ
78%
未然形反実仮想まし
78%
終止形現在推量・原因推量・伝聞らむ
78%
未然形願望まほし
78%
終止形打消推量・打消意志まじ
78%
連体形・体言断定たり
78%
已然形存続・完了
67%
未然形打消推量・打消意志
67%
未然形推量・意志・適当・婉曲むず
67%
連用形願望たし
56%
終止形推定らし
44%
終止形推定・婉曲めり
44%
特殊比況・例示やうなり
22%

Score Distribution

Percentile by Number Answered

Percent of People with Each Score

Your Score History

You have not taken this quiz